| 000 | 00702cab a2200241 4500 | ||
|---|---|---|---|
| 001 | WB3116-121 | ||
| 008 | 090401t1995 xxu||||| |||| 00| 0 eng d | ||
| 035 | _a(Sirsi) u11317 | ||
| 041 | _aeng | ||
| 245 | _aOMV global replacement | ||
| 260 | _c1995 | ||
| 350 | _a0 | ||
| 490 |
_aProperty Week _v51(3) 20 April 1995, 10(1) |
||
| 520 | _aOpen market value is to be superseded as a definition of valuation in favour of an international definition. | ||
| 650 | _aDEFINITION | ||
| 650 | _aINTERNATIONAL ASSET VALUATION STANDARDS COMMITTEE | ||
| 650 | _aMARKET VALUE | ||
| 650 | _aOPEN MARKET VALUE | ||
| 650 | _aTIAVSC | ||
| 690 | _aRATING AND VALUATION | ||
| 942 | _n0 | ||
| 948 | _c04/03/1997 | ||
| 999 |
_c7204 _d7204 |
||